Meet for the Master's use. (Record no. 16427)

000 -LEADER
fixed length control field 00548nam a2200181 a 4500
001 - CONTROL NUMBER
control field :::00019316$&:&@@
003 - CONTROL NUMBER IDENTIFIER
control field OkBaRHE
005 - DATE AND TIME OF LATEST TRANSACTION
control field 20010308111049.0
008 - FIXED-LENGTH DATA ELEMENTS--GENERAL INFORMATION
fixed length control field j 000 0 eng u
040 ## - CATALOGING SOURCE
Transcribing agency
100 1# - MAIN ENTRY--PERSONAL NAME
Personal name Meyer, F. B. (Frederick Brotherton), 1847-1929.
245 10 - TITLE STATEMENT
Title Meet for the Master's use.
260 ## - PUBLICATION, DISTRIBUTION, ETC. (IMPRINT)
Place of publication, distribution, etc Chicago, IL., :
Name of publisher, distributor, etc Moody Press
300 ## - PHYSICAL DESCRIPTION
Extent 121 p. ;
Dimensions 17 cm.
650 ## - SUBJECT ADDED ENTRY--TOPICAL TERM
Topical term or geographic name as entry element Christian Life
942 ## - ADDED ENTRY ELEMENTS (KOHA)
Source of classification or shelving scheme
Koha item type Books
Copies
Shelving location Source of classification or shelving scheme Price effective from Copy number Date acquired Damaged status Not for loan Koha item type Date last seen Withdrawn status Permanent Location Lost status Full call number Barcode
General Stacks 2010-04-1412010-04-14  Books2010-04-14 RHEMA Bible Training College BV 4501 .M419316